000 00326nam a2200133Ia 4500
005 20251222153627.0
008 251222s9999||||xx |||||||||||||| ||spa||
082 _a801/S74
100 _a Spence, Jonathan
245 0 _aMao Zedong
250 _a1ra .ed
264 _bBiblioteca ABC portagonistas de la historia
942 _cLIB
999 _c32199
_d32199